000 00332nam a2200121 a 4500
005 20141022142006.0
008 080930s19uu xx 00 eng d
050 _aVCD
_bG75 1996
245 _aThe great egyptian :
_bthe real Cleopatra.
650 _aVCD.
650 _aThe great egyptians. Cleopatra.HISTORY-FICTION
942 _cAVM
999 _c276498
_d276498